|
|
|
|
| LEADER |
00000cam a2200000 a 4500 |
| 001 |
vtls008232340 |
| 003 |
SK-MaSNL |
| 005 |
20260301164343.0 |
| 008 |
230501s1987 xr odl frnp 000 0 cze |
| 015 |
|
|
|a SNBA1987
|
| 020 |
|
|
|q (viazané)
|
| 035 |
|
|
|a urn:nbn:sk:snk-am00if5e
|
| 035 |
|
|
|a 407A5142-5579-40A5-B7AD-37971AB81E5C
|
| 040 |
|
|
|a SNK
|b slo
|c SNK
|e AACR2
|
| 041 |
1 |
|
|a cze
|h slo
|
| 044 |
|
|
|a xr
|c CZ
|
| 072 |
|
7 |
|a 615
|x Farmacie. Farmakologie
|2 Konspekt
|
| 072 |
|
7 |
|a 37.016
|x Učebné osnovy. Vyučovacie predmety. Učebnice
|2 konspekt
|
| 080 |
|
|
|a 615.31:539.163
|2 2011
|
| 080 |
|
|
|a (075.8)
|2 2011
|
| 100 |
1 |
|
|a Květina, Jaroslav,
|d 1930-
|4 aut
|9 124065
|
| 245 |
1 |
0 |
|a Radiofarmaka
|b učebnice pro farmaceutické fakulty
|c [vedoucí autorského kolektívu: Jaroslav Květina ; slovenskú čast přeložila Eva Neumannová]
|
| 250 |
|
|
|a 1. vyd.
|
| 260 |
|
|
|a Praha
|b Avicenum
|c 1987
|
| 300 |
|
|
|a 105 strán
|b fotografie, grafy, schémy, tabuľky
|c 25 cm
|
| 500 |
|
|
|a Čiastočné preložené zo slovenčiny
|
| 504 |
|
|
|a Bibliografia na strane 105
|
| 650 |
0 |
7 |
|a rádiofarmaká
|2 SNKPH
|9 16637
|
| 655 |
|
7 |
|a učebnice vysokých škôl
|2 SNKPH
|9 70191
|
| 700 |
1 |
|
|a Havránek, Emil,
|d 1939-
|4 aut
|9 263449
|
| 700 |
1 |
|
|a Kronrád, Leo
|4 aut
|9 531620
|
| 700 |
1 |
|
|a Kubíček, Jiří,
|d 1930-2007
|4 aut
|9 348438
|
| 700 |
1 |
|
|a Lázníček, Milan,
|d 1947-
|4 aut
|9 141242
|
| 700 |
1 |
|
|a Schiller, Pavel,
|d 1928-
|4 aut
|9 223120
|
| 700 |
1 |
|
|a Neumannová, Eva
|4 trl
|9 531621
|
| 852 |
|
|
|a Slovenská národná knižnica
|
| 954 |
|
|
|a odborná, vedecká literatúra cudzojazyčná (svetová)
|2 lita
|
| 954 |
|
|
|a odborná, vedecká literatúra pôvodná (slovenská)
|2 lita
|
| 958 |
|
|
|a NB
|
| 958 |
|
|
|a MI
|
| 958 |
|
|
|a OND
|
| 958 |
|
|
|a OP
|
| 958 |
|
|
|a EUIPO
|
| 968 |
|
|
|a Čes
|b SLO
|
| 999 |
|
|
|c 820331
|d 822261
|
| 952 |
|
|
|t P60, <04>, [BOOK], {604}
|a SNK
|b SNK
|y VYP
|7 0
|p 17A0039610
|o snkSC 68111 D1
|0 0
|1 0
|4 0
|d 1997-02-22
|l 0
|r 2005-01-02 00:00:00
|w 2026-02-24
|
| 952 |
|
|
|a SNK
|b SNK
|y PREZ
|7 0
|p 17A0934747
|o snkSC 68111
|i snkKIP 2271/87
|0 0
|1 0
|4 0
|d 2012-08-22
|f 1
|l 0
|r 2025-07-10 00:00:00
|w 2026-02-24
|